| 000 | 00406nam a22001697a 4500 | ||
|---|---|---|---|
| 020 | _a9789393969774 | ||
| 082 |
_aM GAN 181.4 _bGAN/H |
||
| 100 | _aGandhi | ||
| 245 |
_aHind Swaraj/ _cby Gandhi |
||
| 260 |
_aKozhikode: _bPavanatma Publishers, _c2023. |
||
| 300 | _a152p. | ||
| 650 | _aGandhiana | ||
| 650 | _aPhilosophy Gandhi | ||
| 650 | _aPhilosophy | ||
| 700 | _aAppu Muttara (tr.) | ||
| 942 | _cBK | ||
| 999 |
_c181930 _d181930 |
||